| 000 | 00955nam a2200289 a 4500 | ||
|---|---|---|---|
| 001 | 1050 | ||
| 003 | BR-CuiBMT | ||
| 005 | 20231127220446.0 | ||
| 008 | 231127s2017 rsb 000 0 por d | ||
| 020 | _a9788575784655 | ||
| 040 |
_aBR-CuiBMT _cBR-CuiBMT |
||
| 080 |
_22007 _a351.94:336.148 |
||
| 090 |
_a351.94:336.148 _bF311t _c1. ed. |
||
| 100 | 1 | _aFeiten, Pedro Reinaldo | |
| 245 |
_aTribunais de contas do Rio Grande do Sul a Portugal : _be a sua relação com a autonomia dos municípios / _cPedro Reinaldo Feiten. |
||
| 250 | _a1. ed. | ||
| 260 |
_aSanta Cruz do Sul, RS : _bEdunisc, _c2017. |
||
| 300 |
_a134 p.: _c21 cm |
||
| 504 | _aInclui bibliografia. | ||
| 610 | 1 | 4 |
_aRio Grande do Sul _bTribunal de Contas |
| 610 | 1 |
_aPortugal _bTribunal de Contas |
|
| 650 | _aTribunal de Contas | ||
| 650 |
_aFinanças públicas _zRio Grande do Sul |
||
| 650 | _aAdministração municipal | ||
| 650 | _aAdministração pública | ||
| 942 |
_2udc _cLV |
||
| 999 |
_c1050 _d1050 |
||